El derecho humano a la paz y la (in)seguridad humana: (Record no. 190418)

MARC details
000 -LEADER
campo de control de longitud fija 01210nam a2200277 i 4500
001 - NÚMERO DE CONTROL
campo de control 190418
003 - IDENTIFICADOR DE NÚMERO DE CONTROL
campo de control ES-MaACL
005 - FECHA Y HORA DE LA ÚLTIMA TRANSACCIÓN
campo de control 20250809042457.0
008 - DATOS DE LONGITUD FIJA--INFORMACIÓN GENERAL
campo de control de longitud fija 210323s2017 sp d s001 0 spa d
020 ## - NÚMERO INTERNACIONAL ESTÁNDAR DEL LIBRO
Número Internacional Estándar del Libro 978-84-697-8036-7
080 ## - NÚMERO DE LA CLASIFICACIÓN DECIMAL UNIVERSAL
Número de la Clasificación Decimal Universal 342.7
245 03 - MENCIÓN DEL TÍTULO
Título El derecho humano a la paz y la (in)seguridad humana:
Resto del título contribuciones atlánticas /
Mención de responsabilidad, etc. Carmelo Faleh Pérez y Carlos Villán Durán (directores).
250 ## - MENCION DE EDICION
Mención de edición 1ª ed.
260 ## - PUBLICACIÓN, DISTRIBUCIÓN, ETC.
Lugar de publicación, distribución, etc. Luarca, Asturias :
Nombre del editor, distribuidor, etc. Asociación Española para el Derecho Internacional de los Derechos Humanos ;
Lugar de publicación, distribución, etc. [Oviedo] :
Nombre del editor, distribuidor, etc. Velasco,
Fecha de publicación, distribución, etc. 2017.
300 ## - DESCRIPCIÓN FÍSICA
Extensión 271 p. :
Otras características físicas gráf. ;
Dimensiones 24 cm.
504 ## - NOTA DE BIBLIOGRAFÍA, ETC.
Nota de bibliografía, etc. Referencias bibliográficas.
650 07 - PUNTO DE ACCESO ADICIONAL DE MATERIA--TÉRMINO DE MATERIA
Término de materia o nombre geográfico como elemento de entrada Derechos humanos
Fuente del encabezamiento o término embne
9 (RLIN) 11770
700 1# - ENTRADA AGREGADA--NOMBRE PERSONAL
Nombre de persona Faleh Pérez, Carmelo.
9 (RLIN) 171089
700 1# - ENTRADA AGREGADA--NOMBRE PERSONAL
Nombre de persona Villán Durán, Carlos.
9 (RLIN) 171090
710 2# - ENTRADA AGREGADA--NOMBRE DE ENTIDAD CORPORATIVA
Nombre de entidad corporativa o nombre de jurisdicción como elemento de entrada Asociación Española para el Derecho Internacional de los Derechos Humanos.
9 (RLIN) 171091
852 4# - LOCALIZACIÓN
Ubicación ES-MaACL
Número de control de estantería A-14618
itemnumber 197595
Sublocalización o colección R.152158
Ubicación en estantería Depósito 1
Signatura antigua Olim: N-7618
Anotaciones manuscritas Dedicatoria autógrafa del autor
Donativo/Legado Donacion: Carlos Villán Durán
903 ## - NOMBRE PERSONAL DE DONANTE
9 171090
a Villán Durán, Carlos
e Donante
942 ## - ELEMENTOS DE ENTRADA SECUNDARIOS (KOHA)
Fuente del sistema de clasificación o colocación Clasificación decimal universal
Tipo de ítem Koha Libro impreso
Holdings
Estatus retirado Estado de pérdida Fuente del sistema de clasificación o colocación Estado de daño No para préstamo Colección Biblioteca de origen Biblioteca actual Ubicación en estantería Fecha de adquisición Fuente de adquisición Total de préstamos Signatura topográfica completa Código de barras Visto por última vez Precio de reemplazo Tipo de ítem Koha Nota pública
    Clasificación decimal universal     Libros con dedicatorias Biblioteca del Ateneo de Madrid Biblioteca del Ateneo de Madrid Depósito 1 23/03/2021 Donación   A-14618 1202441 23/02/2023 23/02/2023 Libro impreso Dedicatoria autógrafa del autor